| 000 | 00731cab a2200241 4500 | ||
|---|---|---|---|
| 001 | WB3504-40 | ||
| 008 | 090401t1999 xxu||||| |||| 00| 0 eng d | ||
| 035 | _a(Sirsi) u90952 | ||
| 041 | _aeng | ||
| 245 | _aHK urged to resume land sales | ||
| 260 | _c1999 | ||
| 350 | _a0 | ||
| 490 |
_aFinancial Times _v27 January 1999, 4(1) |
||
| 520 | _aProperty developers in Hong Kong have warned that if their government continues to freeze sales of land, the competitiveness of the country will decrease further. | ||
| 650 | _aFORECASTS | ||
| 650 | _aHONG KONG | ||
| 650 | _aLAND SALES | ||
| 650 | _aLI KA-SHING | ||
| 650 | _aPROPERTY DEVELOPERS | ||
| 690 | _aOVERSEAS-REST OF THE WORLD | ||
| 942 | _n0 | ||
| 948 | _c27/01/1999 | ||
| 999 |
_c57701 _d57701 |
||